LEADER 01393nam0-2200349 --450 001 9910430659503321 005 20221206125636.0 010 $a978-88-452-9773-1 100 $a20210122d2019----kmuy0itay5050 ba 101 2 $alat$aita 102 $aIT 105 $a 001yy 200 1 $a<>dialoghi$aLa fortuna$aLa conversazione$fdi Giovanni Pontano$gtraduzioni, note introduttive e note ai testi di Francesco Tateo$gappendice: Lettere di Giovanni Pontano a cura di Anna Gioia Cantore 210 $a[Milano]$cBompiani$d2019 215 $aXCVIII, 1645 p.$d22 cm 225 1 $aClassici della letteratura europea 300 $aContiene: I dialoghi (Caronte, titolo uniforme: Charon; Antonio, titolo uniforme: Antonius; Asino, titolo uniforme: Asinus ...) ; La fortuna (titolo uniforme: De fortuna) ; La conversazione (titolo uniforme: De sermone) 300 $aTesti originali a fronte 676 $a878.0408$v23 700 1$aPontano,$bGiovanni Gioviano$0437066 702 1$aTateo,$bFrancesco 702 1$aCantore,$bAnna Gioia 801 0$aIT$bUNINA$gREICAT$2UNIMARC 901 $aBK 912 $a9910430659503321 952 $aP2B 670 PONTANO 404A 2019$b2020/2487$fFLFBC 952 $aP2B 670 PONTANO 404A 2019 BIS$b2021/1678$fFLFBC 959 $aFLFBC 996 $aLa conversazione$91764763 996 $aFortuna$91080784 996 $aDialoghi$9203461 997 $aUNINA LEADER 01511nam0 22003011i 450 001 UON00467750 005 20231205105151.79 010 $a978-06-911443-5-1 100 $a20160527d2009 |0itac50 ba 101 $aeng 102 $aUS 105 $a|||| ||||| 200 1 $aˆThe ‰moral purpose of state$eculture, social identity, and institutional rationality in international relations$fChristian Reus-Smit 210 $aPrinceton, N. J.$cPrinceton University press$d1999 215 $aXIII, 199 p.$d24 cm. 410 1$1001UON00151186$12001 $aPrinceton studies in international history and politics$fSeries Editors: Jack L. Syder, Marc Trachtenberg, and Fareed Zakaria 606 $aRelazioni internazionali$xMorale$3UONC090498$2FI 620 $aUS$dPrinceton$3UONL000074 676 $a327.101$cFilosofia e teoria delle relazioni internazionali$v21 700 1$aREUS-SMIT$bChristian$3UONV233129$0562934 712 $aPrinceton University Press$3UONV245813$4650 801 $aIT$bSOL$c20250725$gRICA 899 $aSIBA - SISTEMA BIBLIOTECARIO DI ATENEO$2UONSI 912 $aUON00467750 950 $aSIBA - SISTEMA BIBLIOTECARIO DI ATENEO$dSI C 0227 $eSI 20185 5 0227 $sBuono 951 $aSIBA - SISTEMA BIBLIOTECARIO DI ATENEO$bSI2016680 1J 20160527 996 $aMoral purpose of state$91539165 997 $aUNIOR